000 00316nam a22001457a 4500
008 210312b ||||| |||| 00| 0 eng d
020 _a9780838580189
041 _aeng
080 _a616-053.2
082 _a616-053.2
100 _a8
101 _aPED
245 _aPediatric Nursing
_cBall, J
942 _2udc
_cBK
999 _c56548
_d56548